000 00350nam a2200133Ia 4500
008 150202s9999 xx 000 0 und d
020 _a330105302
050 _aFIC
_bFIC
100 _aLyall, Gavin.
245 _aMidnight plus one /
_cGavin Lyall.
260 _aLondon :
_bPan Books,
_c1965.
300 _a221 pages ::
_c18 cm.
650 _aFiction.
999 _c282212
_d282212